000 01553nam2a2200253 4500
001 RU\NLR\BIBL_A\010455380
005 20250614054212.0
010 _a978-5-94668-130-8
_92000
021 _aRU
_b2014-71561
_94384
035 _a(NLR Aleph) 010455380
090 _a9948311
_c9948311
100 _a20131209d2014 |||y0rusy50 ca
101 0 _arus
102 _aRU
105 _aa|||z|||000ay
200 1 _aТ. 3
_h[полутом] 2
210 _d2014
_aБ. м.
215 _a634, [2] с.
_cил.
327 1 _aСодерж.: Финал или увертюра; Кровавые дни: (историческая повесть из времен военных поселений); Венок из незабудок: (повесть); Семейная легенда рода дворян Лисиных: (историческая повесть); Рядовой Саватьев: рассказ; Лия; Сапожник и музыкант: рассказ; Силуэты
461 0 _1001RU\NLR\bibl\1883645
_12000#$aСобрание сочинений$eв 3 т.$fФ.Ф. Тютчев$g[сост., вступ. ст.: Г. Чагина и др.]$vТ. 3, [полутом] 2
_1700#1$3RU\NLR\auth\7774439$aТютчев$bФ. Ф.$f1860-1916$gФедор Федорович$4070
_92692033
_aТютчев, Ф. Ф. (1860-1916)
_cСанкт-Петербург
_d2011
_fФ.Ф. Тютчев
_nРосток
_oв 3 т.
_tСобрание сочинений
_vТ. 3, [полутом] 2
942 _cBOOK
980 _aNB